000
00239nam a2200097Ia 4500
008
230907s9999||||xx |||||||||||||| ||und||
082
_a
620.106,NAN
245
0
_a
Nanoscale and microscale phenomena :
300
_a
xiv, 379 p.:
942
_c
BK
999
_c
597704
_d
597704